| 000 | 01202nam a22001577a 4500 | ||
|---|---|---|---|
| 003 | macl | ||
| 005 | 20181116130808.0 | ||
| 008 | 181116b xxu||||| |||| 00| 0 eng d | ||
| 040 | _cmacl | ||
| 082 | _a900 | ||
| 100 |
_aReddy krisn Reddy, Krishna _973232 |
||
| 245 | _aWorld History | ||
| 260 |
_achennai _bmc graw Hill _c2018 |
||
| 650 |
_aHistory _973233 |
||
| 942 |
_2ddc _cBK |
||
| 999 |
_c58589 _d58589 |
||